000 00523nam a2200145 a 4500
001 000017692
005 20260219150429.0
008 100330s1957 dr 000 0 spa d
040 _aDO-SdBNP
_bspa
_cBNPHU
100 1 _aCandido, Italo
_938535
245 1 0 _aComo injertar naranjos y limoneros /
_cItalo Candido.
260 _aCiudad Trujillo, República Dominicana :
_bSecretaría de Estado de Agricultura,
_c1957.
300 _a19 p. ;
_c23 cm .
710 _aSecretaría de Estado de Agricultura (República Dominicana)
_935364
999 _c17217
_d17217